000 01548nam a2200457 i 4500
001 15939
003 KOSZ 005
005 20191022085928.0
008 030827s1975 pl a f f |000 0 pol
015 _aPB 1975/4588
035 _a991021456519705066
035 _a(PL-WaBN)b15803181-48omnis_nlop
035 _ab15803181
035 _a(OCoLC)830517594
035 _a(PL)b0000001580318
035 _a(EXLNZ-48OMNIS_NETWORK)9910150603405606
040 _aWA N
_cWA N
_dKOSZ 005/EG
041 0 _apol
046 _k1975
080 _a621.38
245 1 0 _aPoradnik inżyniera :
_bzastosowania elektroniki /
_c[aut. Bogusław Boguszewski et al.] ; koord. Tadeusz Zagajewski.
260 _aWarszawa :
_bWydawnictwa Naukowo-Techniczne,
_c1975.
300 _aXI, 1080 s., 3 s. tabl. :
_bil., tab., wykr. ;
_c24 cm.
336 _2rdacontent
_aTekst
_btxt
337 _2rdamedia
_aBez urządzenia pośredniczącego
_bn
338 _2rdacarrier
_aWolumin
_bnc
380 _aKsiążki
380 _aPublikacje informacyjne
388 _a1901-2000
388 _a1945-1989
504 _aBibliogr.
650 7 _aElektronika
_2DBN
655 7 _aPoradnik
658 _aInżynieria i technika
700 1 _aBoguszewski, Bogusław
_eAutor
700 1 _aZagajewski, Tadeusz
_d(1912-2010)
_eRedakcja
710 2 _aWydawnictwa Naukowo-Techniczne
_4pbl
856 _uhttp://koha.tu.koszalin.pl/cgi-bin/koha/opac-detail.pl?biblionumber=15939
_yKatalog online BPK
942 _2UKD
_cKS
999 _c15939
_d15939